Central Library OPAC University of Rajshahi

My brother's keeper / (Record no. 63478)

MARC details
000 -LEADER
fixed length control field 00657nam a2200229 a 4500
001 - CONTROL NUMBER
control field 63478
003 - CONTROL NUMBER IDENTIFIER
rucl marc code BD-RjUL
005 - DATE AND TIME OF LATEST TRANSACTION
control field 20211209081212.0
008 - FIXED-LENGTH DATA ELEMENTS--GENERAL INFORMATION
fixed length control field 170130s1958 enk 001 0 eng
035 ## - SYSTEM CONTROL NUMBER
System control number (BD-RjUL)63607
040 ## - CATALOGING SOURCE
Original cataloging agency DLC
Transcribing agency DLC
Modifying agency IG#
-- BD-RjUL
Language of cataloging eng
041 ## - LANGUAGE CODE
Language code of text/sound track or separate title eng
082 00 - DEWEY DECIMAL CLASSIFICATION NUMBER
Classification number 823
Edition number 23
Author mark and year JOM 1958
100 ## - MAIN ENTRY--PERSONAL NAME
Personal name Joyce, Stanislaus
9 (RLIN) 188807
245 12 - TITLE STATEMENT
Title My brother's keeper /
Statement of responsibility, etc. Stanislaus Joyce
260 ## - PUBLICATION, DISTRIBUTION, ETC. (IMPRINT)
Place of publication, distribution, etc. New York :
Name of publisher, distributor, etc. Viking Press,
Date of publication, distribution, etc. c1958
300 ## - PHYSICAL DESCRIPTION
Pagination 257 p. ;
Size 19 cm.
500 ## - GENERAL NOTE
General note Include index
650 ## - SUBJECT ADDED ENTRY--TOPICAL TERM
Topical term or geographic name as entry element Joyce, James, -- 1882-1941 -- Childhood and youth.
9 (RLIN) 188808
Topical term or geographic name as entry element English fiction
9 (RLIN) 185796
942 ## - ADDED ENTRY ELEMENTS (KOHA)
Source of classification or shelving scheme Dewey Decimal Classification
Koha item type Books
Holdings
Lost status Source of classification or shelving scheme Damaged status Not for loan Collection code Permanent Location Current Location Shelving location Date acquired Source of acquisition Cost, normal purchase price Total Checkouts Full call number Date last seen Copy number Koha item type
  Dewey Decimal Classification   Not For Loan Fiction Central Library, University of Rajshahi Central Library, University of Rajshahi Reading Room 04/03/1964 Zeitlinger 25.00   823 JOM 1958 30/01/2017 C-1 Books